| 000 | 01011nam1a22002651i 4500 | ||
|---|---|---|---|
| 001 | rc\3036130 | ||
| 005 | 20240726043711.0 | ||
| 035 | _a(NLR Aleph) 007176746 | ||
| 090 |
_a7400908 _c7400908 |
||
| 100 | _a20111004d1935 |||y0rusy50 ca | ||
| 101 | 0 | _arus | |
| 102 | _aRU | ||
| 105 | _ay z ||||| | ||
| 200 | 1 |
_aТиповая химическая аппаратура _eВып. 2- _fПод науч. ред. Химсекции Методсовета ИЗПК в составе: Р.В. Донского, С.П. Климова, П.М. Лукьянова ... [и др.] _gОтв. ред. С.П. Климов |
|
| 210 |
_aМосква _cВНИТО химиков. Химфак _d1935 |
||
| 215 | _d27 см | ||
| 300 | _aОписано по обл. | ||
| 300 | _aСтеклогр. | ||
| 702 | 1 |
_aКлимов _bС.П. _4340 |
|
| 702 | 1 |
_aЛукьянов _bП.М. _4340 |
|
| 702 | 1 |
_aРаковский _bА.В. _4340 |
|
| 801 | 0 |
_aRU _bNLR _gpsbo |
|
| 801 | 1 |
_aRU _bELAR _2rusmarc |
|
| 852 |
_aNLR _j35-19/170 |
||
| 942 | _cBOOK | ||